[Event "Chess Masters 3rd"]
[Site "Enghien-les-Bains"]
[Date "1999.03.06"]
[Round "4"]
[White "Beliavsky, Alexander G"]
[Black "Lautier, Joel"]
[Result "1/2-1/2"]
[WhiteElo "2650"]
[BlackElo "2596"]

1.d4 Nf6 2.c4 e6 3.Nc3 Bb4 4.Qc2 O-O 5.a3 Bxc3+ 6.Qxc3 b6 7.Bg5 Bb7 8.f3 h6
9.Bh4 d5 10.cxd5 exd5 11.e3 Re8 12.Bf2 c5 13.Bb5 cxd4 14.Qxd4 Bc6 15.Bd3 Nbd7
16.Ne2 Nc5 17.Bc2 Bb5 18.Nc3 Bc4 19.O-O-O Nb3+ 20.Bxb3 Bxb3 21.Rd2 Nd7 22.Kb1 Nc5
23.Nxd5 Qg5 24.e4 Bxd5 25.Qxd5 Qxg2 26.Rg1 Qxf3 27.Bxc5 bxc5 28.Rdg2 Qxe4+
29.Qxe4 Rxe4 30.Rxg7+ Kh8 31.Rxf7 Re2 32.Rb7 Rxh2 33.Rg6 Rg8 34.Rxg8+ Kxg8
35.Rxa7 Kf8 36.Rc7 Rh5 37.Kc2 Ke8 38.Kc3 Kd8 39.Rf7 Kc8 40.Kc4 Rh2 41.b3 Rc2+
42.Kd3 Rc1 43.a4 c4+ 44.bxc4 Ra1 45.Ra7 Kb8 46.Ra5 Kb7 47.Kc3 Kb6 48.Rb5+ Ka6
49.Kb4 Rb1+ 50.Kc5 Ra1 51.Rb6+ Ka7 52.Rb4 Rg1 53.Rb3 Rg5+ 54.Kb4 Kb6 55.Rf3 Rg6
56.Rf5 Re6 57.Rd5 Rg6 58.Rh5 Rf6 59.Rh1 Rg6 60.a5+ Ka6 61.Rh4 Rf6 62.Rd4 h5
63.c5 Rf1 64.Rd6+ Kb7 65.Rb6+ Kc7 66.Rh6 Rb1+ 67.Kc4 Rc1+ 68.Kb5 Rb1+ 69.Ka6 Ra1
70.Rh8 h4 71.Rxh4 Kc6 72.Rc4 Ra3 73.Rc1 Ra2 74.Rc3 Ra4 75.Rc1 Ra2 76.Rb1 Kxc5
77.Rc1+ Kd6 78.Kb5 Rb2+ 79.Ka4 Ra2+ 80.Kb4 Rb2+ 81.Ka3 Rb5  1/2-1/2

[Event "Chess Masters 3rd"]
[Site "Enghien-les-Bains"]
[Date "1999.03.12"]
[Round "9"]
[White "Sadler, Matthew"]
[Black "Beliavsky, Alexander G"]
[Result "1/2-1/2"]
[WhiteElo "2667"]
[BlackElo "2650"]

1.c4 e5 2.Nc3 Nf6 3.Nf3 Nc6 4.e4 Bc5 5.Nxe5 Nxe5 6.d4 Bb4 7.dxe5 Nxe4 8.Qd4 Nxc3
9.bxc3 Ba5 10.Ba3 d6 11.exd6 O-O 12.O-O-O cxd6 13.Qxd6 Qxd6 14.Bxd6 Re8 15.Kb2 Bd7
16.Bd3 Bc6 17.f3 Re6 18.c5 Rae8 19.Rd2 h5 20.h4 g6 21.Bf4 Rd8 22.Kb3 Ree8
23.Bc4 Rxd2 24.Bxd2 Bd8 25.Bf4 Be7 26.Bd6 Bf6 27.Bg3 Rd8 28.Re1 Rd2 29.Re2 Rd1
30.Re1 Rd2 31.Re2 Rd1 32.Be1  1/2-1/2

[Event "Bled op"]
[Site "Bled"]
[Date "1999.03.21"]
[Round "2"]
[White "Praznik, Niko"]
[Black "Beliavsky, Alexander G"]
[Result "0-1"]
[WhiteElo "2229"]
[BlackElo "2650"]

1.e4 d6 2.d4 Nf6 3.Nc3 g6 4.Nf3 Bg7 5.Bc4 Nc6 6.d5 Nb8 7.h3 O-O 8.O-O c6
9.a4 a5 10.Re1 Nfd7 11.Be3 Na6 12.Bd4 Nb4 13.Bxg7 Kxg7 14.Ne2 Qc7 15.c3 cxd5
16.Bxd5 Nc6 17.Ned4 Nf6 18.Qb3 Ne5 19.Nxe5 dxe5 20.Nf3 Ra6 21.Rac1 Nh5 22.Bc4 Rf6
23.Nd2 Qc5 24.Re3 Rd8 25.Nf1 Nf4 26.Qb5 Qc7 27.Qb3 h5 28.Qa2 Rfd6 29.Qb3 Bd7
30.Bb5 Be6 31.Qc2 h4 32.Ree1 Qc8 33.Re3 g5 34.f3 Nh5 35.Rce1 Qc5 36.Kh2 Kf8
37.Rd3 Rxd3 38.Bxd3 Bxh3  0-1

[Event "Bled op"]
[Site "Bled"]
[Date "1999.03.22"]
[Round "3"]
[White "Beliavsky, Alexander G"]
[Black "Tratar, Marko"]
[Result "1-0"]
[WhiteElo "2650"]
[BlackElo "2450"]

1.d4 Nf6 2.c4 g6 3.Nc3 Bg7 4.e4 d6 5.Nf3 O-O 6.Be2 e5 7.O-O Nc6 8.d5 Ne7
9.Nd2 a5 10.Rb1 Nd7 11.a3 f5 12.b4 Kh8 13.Qc2 Nf6 14.f3 Nh5 15.c5 axb4 16.axb4 Nf4
17.Nc4 g5 18.Be3 Neg6 19.cxd6 cxd6 20.Nb5 Ra6 21.Ra1 fxe4 22.Rxa6 bxa6 23.Nbxd6 Nxe2+
24.Qxe2 exf3 25.Rxf3 Nf4 26.Qd2 Bg4 27.Rf2 Qf6 28.h3 Bd7 29.Ne4 Qg6 30.Nc5 Bb5
31.Na3 Rd8 32.Bxf4 exf4 33.Nxb5 axb5 34.Ne6 Rc8 35.Re2 Bc3 36.Qd1 Re8 37.Kh2 g4
38.hxg4 Qxg4 39.Qd3 Qg3+ 40.Qxg3 fxg3+ 41.Kh3 Bxb4 42.Rb2 Bd6 43.Rxb5 Re7
44.Kg4 Kg8 45.Ra5 Kf7 46.Kf5 Rd7 47.Ng5+ Ke7 48.Nxh7 Rb7 49.Nf6 Bc7 50.Rc5 Bd6
51.Rc2 Rb5 52.Re2+ Kf7 53.Ra2 Be7 54.Ra7 Rc5 55.Ke5 Rb5 56.Ne4 Kf8 57.Ke6 Rb6+
58.d6 Bxd6 59.Nxd6 Rb2 60.Nf5  1-0

[Event "Bled op"]
[Site "Bled"]
[Date "1999.03.24"]
[Round "5"]
[White "Beliavsky, Alexander G"]
[Black "Sale, Srdjan"]
[Result "1-0"]
[WhiteElo "2650"]
[BlackElo "2415"]

1.Nf3 c5 2.c4 Nc6 3.d4 cxd4 4.Nxd4 e6 5.Nc3 Bb4 6.Nb5 a6 7.Nd6+ Ke7 8.Bf4 Qa5
9.Rc1 Ne5 10.c5 f6 11.Bd2 Nh6 12.a3 Bxc3 13.Bxc3 Qc7 14.g3 Qc6 15.Rg1 Nhf7
16.Bg2 Qc7 17.Qd2 Nc6 18.Rd1 Rb8 19.Qf4 Nce5 20.Qh4 Nc6 21.Qf4 Nce5 22.Bb4 a5
23.Nb5 Qd8 24.c6+  1-0

[Event "Bled op"]
[Site "Bled"]
[Date "1999.03.25"]
[Round "6"]
[White "Romanishin, Oleg M"]
[Black "Beliavsky, Alexander G"]
[Result "1/2-1/2"]
[WhiteElo "2572"]
[BlackElo "2650"]

1.d4 Nf6 2.Nf3 d5 3.c4 c6 4.Nc3 dxc4 5.a4 Bg4 6.Ne5 Bh5 7.g3 e6 8.Bg2 Bb4
9.O-O Nd5 10.Qd2 Nd7 11.Nxc4 N5b6 12.Ne3 a5 13.Nc2 O-O 14.Nxb4 axb4 15.Ne4 Qe7
16.b3 Nd5 17.Bb2 f5 18.Ng5 h6 19.Nh3 g5 20.f4 g4 21.Nf2 N7f6 22.e4 fxe4 23.Nxe4 Bg6
24.Nc5 Bf5 25.Rac1 Qf7 26.Nd3 Qe7 27.Ne5 Qg7 28.Nd3 Qe7  1/2-1/2

[Event "Bled op"]
[Site "Bled"]
[Date "1999.03.28"]
[Round "9"]
[White "Beliavsky, Alexander G"]
[Black "Sax, Gyula"]
[Result "1/2-1/2"]
[WhiteElo "2650"]
[BlackElo "2524"]

1.Nf3 Nf6 2.g3 d5 3.Bg2 c6 4.O-O Bg4 5.d3 Nbd7 6.Qe1 e5 7.h3 Bxf3 8.exf3 Bd6
9.f4 O-O 10.fxe5 Nxe5 11.Be3 Re8 12.Qd1 Ng6 13.Re1 h5 14.Nd2 h4 15.Nf1 Qc7
16.Qf3 Ne5 17.Qf5 Nh7 18.Qh5 Ng6 19.Qf3 Ne5 20.Qd1 Ng6 21.Qg4 Nf6 22.Qf3 Ne5
23.Qd1 Ng6 24.g4 Bf4 25.Nd2 Bxe3 26.Rxe3 Rxe3 27.fxe3 Qb6 28.Nf1 Qxb2 29.Rb1 Qxa2
30.Rxb7 Qa6 31.Qb1 Re8 32.Qb4 Nh7 33.Rc7 Ng5 34.Qb7  1/2-1/2

[Event "JUG-chT playoff"]
[Site "Vrnjacka Banja"]
[Date "1999.08.31"]
[Round "3"]
[White "Rublevsky, Sergei"]
[Black "Beliavsky, Alexander G"]
[Result "1/2-1/2"]
[WhiteElo "2660"]
[BlackElo "2618"]

1.e4 e5 2.Nf3 Nc6 3.d4 exd4 4.Nxd4 Nf6 5.Nxc6 bxc6 6.e5 Qe7 7.Qe2 Nd5 8.c4 Nb6
9.Nd2 d5 10.exd6 cxd6 11.b3 Bg4 12.f3 Be6 13.Bb2 d5 14.cxd5 Nxd5 15.O-O-O a5
16.Qe4 a4 17.Bc4 axb3 18.Bxb3 Qg5 19.h4 Qg3 20.Nc4 Bc5 21.Rd2 O-O 22.Bc2 Qg6
23.Qe5 Qf6 24.Qg5 Qh6 25.Qxh6 gxh6 26.Bb3 Rfe8  1/2-1/2

[Event "JUG-chT playoff"]
[Site "Vrnjacka Banja"]
[Date "1999.09.01"]
[Round "4"]
[White "Beliavsky, Alexander G"]
[Black "Rublevsky, Sergei"]
[Result "1/2-1/2"]
[WhiteElo "2618"]
[BlackElo "2660"]

1.d4 d5 2.Nf3 e6 3.g3 c5 4.Bg2 cxd4 5.O-O Nf6 6.Nxd4 e5 7.Nf3 Nc6 8.c4 d4
9.e3 Be7 10.exd4 exd4 11.Nbd2 Be6 12.a3 a5 13.b3 O-O 14.Bb2 Qd7 15.Re1 Rad8
16.Ng5 Bg4 17.Bf3 Bf5 18.Bg2 d3 19.Bxc6 bxc6 20.Ngf3 Bc5 21.Ne5 Qc8 22.Qf3 Ng4
23.Nxg4 Bxg4 24.Qf4 f6 25.Bc3 g5 26.Qe4 Rfe8 27.Qg2 Qf5 28.b4 axb4 29.axb4 Bf8
30.f3 Bh3 31.g4 Rxe1+ 32.Rxe1 Bxg2 33.gxf5 Bh3 34.Bxf6 Rb8 35.Be7 Bxe7 36.Rxe7 Rxb4
37.Kf2 Bxf5 38.Re5 Bg6 39.Rxg5 Kf7 40.Rc5 Rb6 41.Ke3 Ke7 42.f4 Kf6 43.Nf3 Ra6
44.h4 d2 45.Kxd2 Ra2+ 46.Ke3 Ra3+ 47.Ke2 Be4 48.Nd2 Bh1 49.Rh5 Kg6 50.Rg5+ Kf6
51.Nf1 Rh3 52.Ng3 Rxh4 53.Ke3 h6 54.Rf5+ Kg6 55.Rf8 Rh3 56.Kf2 Kg7  1/2-1/2

[Event "Albert m"]
[Site "Albert"]
[Date "1999.09.15"]
[Round "2"]
[White "Beliavsky, Alexander G"]
[Black "Bacrot, Etienne"]
[Result "1-0"]
[WhiteElo "2618"]
[BlackElo "2592"]

1.d4 d5 2.c4 c6 3.Nf3 Nf6 4.Nc3 e6 5.Bg5 h6 6.Bh4 dxc4 7.e4 g5 8.Bg3 b5 9.Be2 Nbd7
10.d5 b4 11.dxe6 bxc3 12.exd7+ Qxd7 13.Qc2 g4 14.Rd1 Qb7 15.Ne5 Qxb2 16.Qa4 Qb5
17.Rd8+  1-0

[Event "Albert m"]
[Site "Albert"]
[Date "1999.09.16"]
[Round "3"]
[White "Bacrot, Etienne"]
[Black "Beliavsky, Alexander G"]
[Result "1/2-1/2"]
[WhiteElo "2592"]
[BlackElo "2618"]

1.d4 Nf6 2.c4 e6 3.Nf3 d5 4.Nc3 Be7 5.Bg5 h6 6.Bh4 O-O 7.e3 b6 8.Bd3 Bb7
9.Bxf6 Bxf6 10.cxd5 exd5 11.O-O c5 12.Rc1 cxd4 13.Nxd4 Nc6 14.Nxc6 Bxc6 15.Ne2 Bb7
16.Qd2 Be5 17.Nd4 Qf6 18.Be2 Rac8 19.Bf3 Rxc1 20.Rxc1 Rc8 21.Rxc8+ Bxc8 22.Bxd5 Bxh2+
23.Kxh2 Qe5+ 24.Kg1 Qxd5 25.a3 h5 26.f3 Bd7 27.e4 Qe5 28.Ne2 Qc5+ 29.Kh2 Qc7+
30.f4 Bc6 31.e5  1/2-1/2

[Event "Albert m"]
[Site "Albert"]
[Date "1999.09.17"]
[Round "4"]
[White "Beliavsky, Alexander G"]
[Black "Bacrot, Etienne"]
[Result "1/2-1/2"]
[WhiteElo "2618"]
[BlackElo "2592"]

1.d4 d5 2.c4 dxc4 3.Nf3 e6 4.e4 b5 5.a4 c6 6.b3 Bb4+ 7.Bd2 Bxd2+ 8.Qxd2 cxb3
9.axb5 Nf6 10.Nc3 O-O 11.Ne5 Bb7 12.f3 Qe7 13.Rb1 Rd8 14.Qe3 Nfd7 15.bxc6 Nxc6
16.Nxc6 Bxc6 17.Rxb3 Rab8 18.Rxb8 Nxb8 19.Kf2 Qb4 20.Be2 Qxd4 21.Ra1 Qxe3+
22.Kxe3 Rd7 23.Nb5 Bxb5 24.Bxb5 Rb7 25.Ra5 Kf8 26.h4 h6 27.g4 Ke7 28.g5 hxg5
29.hxg5 Kd6 30.e5+ Kc7 31.Be8 Kd8 32.Bb5 g6 33.f4 Rc7 34.Ra1 Kc8 35.Kd4 Kd8
36.Ra2 Kc8 37.Ra1 Nd7 38.Rh1 Kb7 39.Rh7 Kb6 40.Ba4 Nb8 41.Be8 Nc6+ 42.Kd3 Nd8
43.Rh1 a6 44.Rb1+ Ka7 45.Rh1 Re7 46.Ba4 Kb6 47.Rc1 Kb7  1/2-1/2

[Event "Albert m"]
[Site "Albert"]
[Date "1999.09.18"]
[Round "5"]
[White "Bacrot, Etienne"]
[Black "Beliavsky, Alexander G"]
[Result "1/2-1/2"]
[WhiteElo "2592"]
[BlackElo "2618"]

1.d4 Nf6 2.c4 e6 3.Nc3 Bb4 4.Qc2 O-O 5.a3 Bxc3+ 6.Qxc3 b6 7.Nf3 Bb7 8.g3 d5
9.Bg2 dxc4 10.Qxc4 Bd5 11.Qc3 Nbd7 12.b4 c5 13.dxc5 bxc5 14.O-O Qe7 15.Be3 Ne4
16.Qc2 cxb4 17.axb4 Qxb4 18.Rxa7 Rxa7 19.Bxa7 Qb7 20.Bd4  1/2-1/2

[Event "EUCup final 15th"]
[Site "Bugojno"]
[Date "1999.10.30"]
[Round "2"]
[White "Beliavsky, Alexander G"]
[Black "Bacrot, Etienne"]
[Result "1-0"]
[WhiteElo "2618"]
[BlackElo "2592"]

1.d4 d5 2.c4 c6 3.Nf3 Nf6 4.Nc3 e6 5.Bg5 h6 6.Bh4 dxc4 7.e4 g5 8.Bg3 b5 9.Be2 Nbd7
10.d5 cxd5 11.exd5 Nb6 12.dxe6 Bxe6 13.Nd4 Bb4 14.O-O O-O 15.Ncxb5 Bd5 16.a4 Ne4
17.a5 Nxg3 18.hxg3 a6 19.Nc3 Bxc3 20.bxc3 Nd7 21.Nf5 Be6 22.Nxh6+ Kg7 23.Ng4 Bxg4
24.Bxg4 Ne5 25.Qxd8 Raxd8 26.Bf5 Rd2 27.Rfd1 Rfd8 28.Rxd2 Rxd2 29.Bc8 Rd6
30.Kf1 Nd3 31.Ra4 Nc1 32.Ke1 Nd3+ 33.Ke2 Rc6 34.Bf5 Nc1+ 35.Ke3 Nb3 36.g4 Rc5
37.f3 Nxa5 38.Ra3 Rd5 39.Be4 Rb5 40.Ra2 Kf6 41.Kd4 Ke6 42.g3 Kd6 43.f4 gxf4
44.gxf4 f6 45.Rh2 Rc5 46.Rh6 Nb3+ 47.Ke3 Ke7 48.Rh7+ Kf8 49.Bg6 Rc6 50.Ke4 a5
51.Rf7+ Kg8 52.Ra7 a4 53.Kf5 Nd4+ 54.cxd4 c3 55.d5 c2 56.dxc6 c1=Q 57.c7 Qc6
58.Bf7+  1-0

[Event "EUCup final 15th"]
[Site "Bugojno"]
[Date "1999.10.31"]
[Round "3"]
[White "Piket, Jeroen"]
[Black "Beliavsky, Alexander G"]
[Result "1-0"]
[WhiteElo "2635"]
[BlackElo "2618"]

1.d4 Nf6 2.c4 e6 3.Nf3 d5 4.Nc3 Be7 5.Bg5 h6 6.Bh4 O-O 7.e3 b6 8.Be2 Bb7
9.Bxf6 Bxf6 10.cxd5 exd5 11.O-O Qe7 12.Qb3 Rd8 13.Rfd1 c6 14.Bf1 Bc8 15.g3 Bg4
16.Bg2 Nd7 17.Rac1 Rac8 18.Ne2 Nf8 19.h3 Bf5 20.Nf4 g6 21.Qa4 Bg7 22.b4 b5
23.Qa6 Qxb4 24.Rxc6 Rxc6 25.Qxc6 Qa4 26.Ra1 Qc4 27.Qa6 Rd7 28.Nd2 Qb4 29.Nb3 Be4
30.Rc1 g5 31.Nh5 Ne6 32.Bxe4 dxe4 33.Kg2 Qa4 34.Rc8+ Nf8 35.Rxf8+ Bxf8 36.Nf6+ Kg7
37.Qxa4 bxa4 38.Nxd7 axb3 39.axb3 Bd6 40.g4 Kg6 41.f3 exf3+ 42.Kxf3 f5 43.e4 fxe4+
44.Kxe4 Kf7 45.Kd5 Bg3 46.Kc6 Ke7 47.d5  1-0

[Event "SLO-chT"]
[Site "Bled"]
[Date "1999.11.10"]
[Round "3"]
[White "Atalik, Suat"]
[Black "Beliavsky, Alexander G"]
[Result "1/2-1/2"]
[WhiteElo "2598"]
[BlackElo "2618"]

1.d4 Nf6 2.c4 e6 3.Nf3 d5 4.Nc3 Be7 5.Qc2 Na6 6.Bg5 O-O 7.cxd5 Nb4 8.Qb1 Nbxd5
9.e4 Nxc3 10.bxc3 c5 11.Bd3 h6 12.Bd2 b6 13.O-O Bb7 14.a4 Qc8 15.a5 Ba6 16.Bxa6 Qxa6
17.e5 Nd5 18.axb6 Qxb6 19.Qe4 cxd4 20.Rfb1 Qc7 21.cxd4 Rfc8 22.Qg4 Kf8 23.Rc1 Qd7
24.Rxc8+ Rxc8 25.h4 Bb4 26.Bxb4+ Nxb4 27.Qe4 Kg8 28.Qe2 Nc6 29.Qa6 Rc7 30.Ra4 Rb7
31.Rc4 Rb6 32.Qa4 Qd5 33.Qc2 g6 34.Kh2 Kg7 35.Qc3 Ne7 36.Ra4 Rb5 37.Qc4 Rb7
38.Qxd5 Nxd5 39.g4 Kf8 40.Kg3 Kg7 41.Ra6 h5 42.Ng5 hxg4 43.Kxg4 Rd7 44.Nf3 Nb4
45.Ra4 Nc6 46.Rc4 Ne7 47.Ra4 Kh6 48.Ra6 Nf5 49.Ra4 Rc7 50.Ra6 Kg7 51.h5 gxh5+
52.Kxh5 Rc2 53.Rxa7 Rxf2 54.Kg4 Rf1 55.Ra8 Rf2 56.Rd8 Rg2+ 57.Kf4 Ne7 58.Nh4 Re2
59.Kg3 Re4 60.Rd7 Kf8  1/2-1/2

[Event "SLO-chT"]
[Site "Bled"]
[Date "1999.11.12"]
[Round "5"]
[White "Beliavsky, Alexander G"]
[Black "Sveshnikov, Evgeny"]
[Result "1/2-1/2"]
[WhiteElo "2618"]
[BlackElo "2541"]

1.d4 d5 2.c4 e6 3.Nc3 c6 4.Nf3 Nf6 5.Bg5 h6 6.Bh4 Be7 7.e3 O-O 8.Bd3 dxc4
9.Bxc4 Nbd7 10.O-O b5 11.Bd3 a6 12.a4 b4 13.Bxf6 Bxf6 14.Ne4 Be7 15.Rc1 Bb7
16.Qe2 Qa5 17.Nfd2 c5 18.dxc5 Bd5 19.Nc4 Qxa4 20.Ra1 Qc6 21.Na5 Qc7 22.Rfc1 f5
23.Nd2 Nxc5 24.Nab3 Qb6 25.Nxc5 Bxc5 26.Bxa6 Rfd8 27.Bc4 Rxa1 28.Rxa1 Bb7
29.Nb3 Rd6 30.Rc1 Kh8 31.Qe1 Qc6 32.Bf1 Rd5 33.Na5 Qb6 34.Nxb7 Qxb7 35.Bc4 Re5
36.Bxe6 f4 37.Bg4 Qe7 38.Kh1 fxe3 39.fxe3 Rxe3 40.Qd2 Qg5 41.Bf3 Re5  1/2-1/2

[Event "SLO-chT"]
[Site "Bled"]
[Date "1999.11.13"]
[Round "6"]
[White "Chernin, Alexander"]
[Black "Beliavsky, Alexander G"]
[Result "1/2-1/2"]
[WhiteElo "2619"]
[BlackElo "2618"]

1.c4 Nf6 2.Nc3 e5 3.Nf3 Nc6 4.a3 d5 5.cxd5 Nxd5 6.Qc2 Be6 7.e3 Bd6 8.b4 O-O
9.Bb2 Nxc3 10.Bxc3 a6 11.d4 exd4 12.Nxd4 Nxd4 13.Bxd4 Qh4 14.g3 Qh5 15.Bg2 c6
16.O-O Bh3 17.Bxh3 Qxh3  1/2-1/2

[Event "Eu Team Ch"]
[Site "Batumi GEO"]
[Date "1999.11.29"]
[Round "1"]
[White "Gelfand,B"]
[Black "Beliavsky,A"]
[Result "1/2-1/2"]
[WhiteElo "2713"]
[BlackElo "2618"]

1.d4 Nf6 2.c4 e6 3.Nf3 d5 4.Nc3 Be7 5.Bg5 h6 6.Bh4 O-O 7.e3 b6 8.Bd3 Bb7
9.O-O Nbd7 10.Bg3 dxc4 11.Bxc4 c5 12.Qe2 cxd4 13.Nxd4 a6 14.a4 Bb4 15.Na2 Bc5
16.Rfd1 Qe7 17.b4 Bxd4 18.Rxd4 Ne4 19.Qd1 Ndf6 20.Be5 b5 21.Bf1 Rfd8 22.f3 Rxd4
23.Qxd4 Rd8 24.Qb2 Nd2 25.Be2 Nc4 26.Bxc4 bxc4 27.Rc1 Rd3 28.Bxf6 Qxf6 29.Qxf6 gxf6
30.e4 Bc6 31.Nc3 Kf8 32.b5 axb5 33.axb5 Bd7 34.b6 Bc6 35.Ne2 Rb3 36.Rxc4 Rxb6
37.Nf4 Bd7 38.Nh5 Ke7 39.Rc7 Rb5 40.Nxf6 Kxf6 41.Rxd7 Rb2 42.Ra7 Rc2 43.h3 Kg7
44.Kh2 Rb2 45.Kg3 Rc2 46.Ra5 Rb2 47.h4 Rc2 48.h5 Rb2 49.f4 Rb4 50.Kf3 Rb3+
51.Kg4 Rb4 52.e5 Rb2 53.Kh3 Rb3+ 54.g3 Rc3 55.Ra2 Rb3 56.Kg2 Rc3 57.Re2 Ra3
58.g4 Rb3 59.f5 exf5 60.gxf5 Kf8 61.Ra2 Re3 62.Ra5 Kg8 63.Ra8+ Kg7 64.Re8 Re2+
65.Kg3 Re1 66.Kf4 Kh7 67.Re7 Kg8 68.Re8+ Kg7 69.f6+ Kh7 70.Re7 Kg8 71.Re8+ Kh7
72.Re7 Kg8 73.Ra7 Rb1 74.Ke4 Rd1 75.Ra8+ Kh7 76.Ra7 Kg8 77.Ra8+ Kh7 78.Ra3 Kg8
79.Ra2 Rd8 80.Ra7 Rd1  1/2-1/2

[Event "Eu Team Ch"]
[Site "Batumi GEO"]
[Date "1999.11.30"]
[Round "2"]
[White "Beliavsky,A"]
[Black "Agrest,E"]
[Result "1-0"]
[WhiteElo "2618"]
[BlackElo "2554"]

1.d4 f5 2.g3 Nf6 3.Bg2 g6 4.c4 Bg7 5.Nc3 O-O 6.Nf3 d6 7.O-O c6 8.Rb1 Ne4
9.Nxe4 fxe4 10.Nd2 d5 11.e3 Be6 12.b4 b5 13.cxb5 cxb5 14.a4 bxa4 15.Qxa4 Nd7
16.Qa2 Bf7 17.Nb3 Nb6 18.Na5 Qd7 19.Ba3 e5 20.dxe5 Bxe5 21.Bb2 Bxb2 22.Qxb2 Rac8
23.Qd4 Nc4 24.Rfc1 Na3 25.Rxc8 Rxc8 26.Rd1 Nb5 27.Qb2 Qc7 28.Bf1 Nd6 29.Qe5 Re8
30.Qa1 Rc8 31.b5 Ra8 32.Nc6 Nc8 33.Rc1 Qd6 34.Qd4 Be6 35.Qf6  1-0

[Event "HUN-chT9899"]
[Site "HUN"]
[Date "1999.??.??"]
[Round "?"]
[White "Izsak, Gyula"]
[Black "Beliavsky, Alexander G"]
[Result "0-1"]
[WhiteElo "2415"]
[BlackElo "2645"]

1.d4 Nf6 2.c4 e6 3.Nf3 Bb4+ 4.Bd2 Qe7 5.e3 Bxd2+ 6.Qxd2 b6 7.Nc3 Bb7 8.Be2 O-O
9.O-O d6 10.Rad1 Nbd7 11.Qc2 c5 12.dxc5 Nxc5 13.Nd4 Rfd8 14.Bf3 Rac8 15.Bxb7 Qxb7
16.Qe2 a6 17.Rc1 Rc7 18.Rfd1 Rdc8 19.Nf3 Nce4 20.Nxe4 Nxe4 21.Nd2 Nf6 22.Nb3 Ne8
23.Rc3 g6 24.h3 h5 25.Qd3 b5 26.cxb5 Rxc3 27.bxc3 Qxb5 28.Qxb5 axb5 29.Nd4 Rc5
30.Rb1 Nc7 31.g4 hxg4 32.hxg4 Kf8 33.Kf1 Ke7 34.Ke1 e5 35.Ne2 Ke6 36.e4 Rc6
37.Kd2 Ra6 38.Nc1 Kf6 39.f3 Kg5 40.Ke3 Ra8 41.Rb2 Kf6 42.Rd2 Ke6 43.Ne2 Ra4
44.Rb2 Kd7 45.Nc1 Ra3 46.Kd2 Ra8 47.Nd3 Rh8 48.Ke3 Rh1 49.Rd2 Ke6 50.Nb4 Re1+
51.Re2 Rh1 52.Rd2 Rh8 53.Nd5 Rc8 54.Nb4 Ra8 55.Rb2 Kd7 56.Rb3 Ne6 57.Nd5 Kc6
58.Nb4+ Kb6 59.Rb2 Nf4 60.Rd2 Kc7 61.Nd3 Nxd3 62.Kxd3 Rh8 63.Kc2 Rh3 64.Rd5 Kc6
65.Rd3 f5 66.exf5 gxf5 67.gxf5 Rh4 68.Kb3 Rf4 69.Re3 Kc5 70.Rd3 d5 71.Re3 Rxf5
72.a3 Rh5 73.Re2 Rf5 74.Re3 d4 75.cxd4+ exd4 76.Rd3 Re5 77.f4 Rf5 78.Rg3 Kd5
79.a4 bxa4+ 80.Kxa4 Rxf4 81.Kb3 Rf2 82.Rh3 Ke4 83.Rh4+ Rf4 84.Rh1  0-1

[Event "HUN-chT9899"]
[Site "HUN"]
[Date "1999.??.??"]
[Round "?"]
[White "Kiss, Pal"]
[Black "Beliavsky, Alexander G"]
[Result "0-1"]
[WhiteElo "2435"]
[BlackElo "2645"]

1.d4 Nf6 2.c4 e6 3.Nf3 d5 4.g3 dxc4 5.Bg2 a6 6.Ne5 c5 7.Na3 cxd4 8.Naxc4 Bc5
9.Bd2 Nd5 10.Rc1 O-O 11.O-O Nd7 12.Nd3 b6 13.Na5 Re8 14.Nc6 Qf6 15.b4 Bb7
16.Na5 bxa5 17.bxc5 Bc6 18.Bxa5 e5 19.Bxd5 Bxd5 20.Nb4 Bc6 21.Bc7 a5 22.Nxc6 Qxc6
23.Bd6 Nf6 24.e3 Ne4 25.Qf3 Rac8 26.exd4 exd4 27.Rfe1 Re6 28.h4 h6 29.Rcd1 Qd5
30.Re2 Rce8 31.Red2 Rf6 32.Qg2 Qh5 33.Bf4 Nxd2  0-1

[Event "HUN-chT9899"]
[Site "HUN"]
[Date "1999.??.??"]
[Round "?"]
[White "Beliavsky, Alexander G"]
[Black "Fogarasi, Tibor"]
[Result "1/2-1/2"]
[WhiteElo "2645"]
[BlackElo "2425"]

1.d4 Nf6 2.c4 c5 3.d5 b5 4.Nd2 bxc4 5.e4 c3 6.bxc3 d6 7.c4 g6 8.Bb2 Bg7 9.Bd3 O-O
10.Rb1 e5 11.Ne2 Nh5 12.O-O Nd7 13.Bc3 Nf4 14.Bc2 h5 15.Ba4 h4 16.Rb3 h3
17.g3 Nh5 18.f4 exf4 19.Bxg7 Kxg7 20.gxf4 Qh4 21.Kh1 Rb8 22.Qa1+ Kg8 23.Nf3 Qe7
24.Rxb8 Nxb8 25.e5 Bf5 26.Qc3 Nd7 27.Ng3 Nxg3+ 28.hxg3 dxe5 29.fxe5 Be4 30.Bxd7 Qxd7
31.Kh2 Qg4 32.Ng1 Bf5 33.Rf4 Qd1 34.Qf3 Qe1 35.Qe2 Qxe2+ 36.Nxe2 Re8 37.g4 Rxe5
38.gxf5 Rxe2+ 39.Kxh3 gxf5 40.Rxf5 Rxa2 41.d6 Rd2 42.Rxc5 Rxd6 43.Ra5 a6
44.Kg3 Rd4 45.Kf3  1/2-1/2

[Event "JUG-chT"]
[Site "Vrnjacka Banja"]
[Date "1999.??.??"]
[Round "2"]
[White "Rublevsky, Sergei"]
[Black "Beliavsky, Alexander G"]
[Result "1/2-1/2"]
[WhiteElo "2660"]
[BlackElo "2618"]

1.e4 e5 2.Nf3 Nc6 3.d4 exd4 4.Nxd4 Nf6 5.Nxc6 bxc6 6.e5 Qe7 7.Qe2 Nd5 8.c4 Nb6
9.Nd2 Qe6 10.b3 Bb4 11.Bb2 O-O 12.O-O-O Qe7 13.Kb1 Ba3 14.Bc3 Bb4 15.Bb2 Ba3
16.Bc3 Bb4  1/2-1/2

[Event "JUG-chT"]
[Site "Vrnjacka Banja"]
[Date "1999.??.??"]
[Round "4"]
[White "Lastin, Alexander"]
[Black "Beliavsky, Alexander G"]
[Result "0-1"]
[WhiteElo "2552"]
[BlackElo "2618"]

1.e4 d6 2.d4 Nf6 3.Nc3 g6 4.Nf3 Bg7 5.Be3 a6 6.Qe2 Ng4 7.O-O-O Nxe3 8.Qxe3 Bg4
9.Be2 Nd7 10.e5 e6 11.Ng1 h5 12.f4 Qe7 13.Nf3 dxe5 14.dxe5 O-O-O 15.Qa7 Qc5
16.Qxc5 Nxc5 17.b4 Bxf3 18.Rxd8+ Rxd8 19.Bxf3 Nd7 20.Kb2 Nb6 21.Kb3 Rd4 22.Ne2 Rd2
23.Kc3 Rd8 24.Kb3 Bf8 25.Nc1 Rd4 26.c3 Rd2 27.Rd1 Rxd1 28.Bxd1 Nd5 29.g3 c5
30.Nd3 c4+ 31.Kxc4 Ne3+ 32.Kd4 Nxd1 33.c4 Kc7 34.c5 b6  0-1

[Event "JUG-chT"]
[Site "Vrnjacka Banja"]
[Date "1999.??.??"]
[Round "8"]
[White "Beliavsky, Alexander G"]
[Black "Atalik, Suat"]
[Result "1-0"]
[WhiteElo "2618"]
[BlackElo "2598"]

1.d4 d5 2.c4 c6 3.Nf3 Nf6 4.Nc3 e6 5.Bg5 h6 6.Bh4 dxc4 7.e4 g5 8.Bg3 b5 9.Be2 Nbd7
10.d5 b4 11.dxe6 bxc3 12.exd7+ Bxd7 13.bxc3 Nxe4 14.Qd4 Nxg3 15.hxg3 Rg8
16.Qxc4 Bg7 17.O-O Bf6 18.Rab1 Be6 19.Qxc6+ Kf8 20.Nd4 Bxd4 21.cxd4 Kg7 22.Qa4 Rc8
23.Rb7 Qd5 24.Rxa7 Ra8 25.Bf3 Rxa7 26.Qxa7 Qxa2 27.Qc5 Rc8 28.Qe5+ f6 29.Qd6 Bf7
30.Bc6 Qe6 31.Qxe6 Bxe6 32.d5 Bf5 33.f3 h5 34.Ra1 Rc7 35.Kf2 Kf7 36.Ra6 Bd7
37.Ke3 Bxc6 38.dxc6 Ke6 39.Ke4 f5+ 40.Kd4 Kd6 41.Rb6 Re7 42.Rb5 Re2 43.Rxf5 Rd2+
44.Ke3 Rxg2 45.Rxg5 Kxc6 46.Kf4 Rh2 47.Re5 Kd6 48.Re1 Kd7 49.Kg5 Rh3 50.g4 h4
51.f4 Rh2 52.f5 h3 53.Kh4  1-0

[Event "JUG-chT"]
[Site "Vrnjacka Banja"]
[Date "1999.??.??"]
[Round "11"]
[White "Martinovic, Slobodan"]
[Black "Beliavsky, Alexander G"]
[Result "1/2-1/2"]
[WhiteElo "2445"]
[BlackElo "2618"]

1.e4 d6 2.d4 Nf6 3.Bd3 e5 4.d5 c6 5.c4 Na6 6.Nc3 Nc5 7.Bc2 a5 8.Nf3 cxd5
9.cxd5 Bd7 10.Be3 Rc8 11.h3 b5 12.Nd2 Be7 13.O-O O-O 14.Nb3 Na6 15.Bd3 a4
16.Nd2 Qa5 17.a3 Nc5 18.Bc2 Rb8 19.Na2 Rfc8 20.Nb4 Na6 21.Nxa6 Qxa6 22.Bd3 Bd8
23.Qe2 Bb6 24.Rfc1 Qa7 25.Nf1 g6 26.Bxb6 Qxb6 27.Qe3 Qd8 28.Rxc8 Rxc8 29.Rc1 Rb8
30.Qa7 b4 31.Nd2 bxa3 32.bxa3 Rb2 33.Qe3 Nh5 34.Bf1 Nf4 35.Kh2 Qb8 36.g3 Nh5
37.Kg1 Nf6 38.Bg2 h5 39.Rc3 Kg7 40.Nc4 Rb1+ 41.Kh2 h4 42.gxh4 Nh5 43.Qg5 Qa7
44.Rf3 f6 45.Qd2 Qa6 46.Qc2 Rb7 47.Rc3 Nf4 48.Ne3 Qa7 49.Bf1 Qb8 50.Nc4 Kh6
51.Qd2 Bb5 52.Ne3 Bxf1 53.Nxf1 Rb2 54.Rc2 Rb7 55.Ne3 Kg7 56.Ng2 Nxg2 57.Kxg2 Qh8
58.Qa5 Qxh4 59.Rc7+ Rxc7 60.Qxc7+ Kh6 61.Qxd6 Qxe4+ 62.Kg1 Qe1+ 63.Kg2 Qe4+
64.Kg1 Qe1+  1/2-1/2

[Event "5th HIT Open"]
[Site "Nova Gorica SLO"]
[Date "2000.02.01"]
[Round "1"]
[White "Beliavsky,A"]
[Black "Petrovic,Si"]
[Result "1-0"]
[WhiteElo "2640"]
[BlackElo "2170"]

1.d4 Nf6 2.c4 g6 3.Nc3 Bg7 4.e4 d6 5.Be2 O-O 6.Bg5 c5 7.d5 b5 8.cxb5 a6 9.a4 axb5
10.axb5 Rxa1 11.Qxa1 Nbd7 12.Nf3 Ne8 13.O-O Nb6 14.Qa5 Nf6 15.Nd2 h6 16.Be3 e6
17.dxe6 Bxe6 18.Rc1 Nfd7 19.b4 Qc7 20.bxc5 dxc5 21.Qa1 Ra8 22.Qb1 Ra3 23.Nd1 Qd6
24.Qc2 Ra2 25.Qd3 Qe7 26.Bf4 c4 27.Qe3 Qb4 28.Nc3 Ra3 29.Ndb1 Ra1 30.Bxh6 Bxh6
31.Qxh6 Nc5 32.Rd1 Nbd7 33.Qe3 Kh7 34.h4 Ne5 35.h5 Ned3 36.hxg6+ fxg6 37.g3 Na4
38.Qa7+ Kg8 39.Qb8+ Kg7 40.Bxd3 Nxc3 41.Qe5+ Kf7 42.Qxc3 Rxb1 43.Qxb4 Rxb4
44.Rb1 Rxb1+ 45.Bxb1 g5 46.b6 Bc8 47.Ba2  1-0

[Event "5th HIT Open"]
[Site "Nova Gorica SLO"]
[Date "2000.02.02"]
[Round "2"]
[White "Nikolov,S"]
[Black "Beliavsky,A"]
[Result "0-1"]
[WhiteElo "2376"]
[BlackElo "2640"]

1.e4 d6 2.d4 Nf6 3.Nc3 g6 4.Nf3 Bg7 5.Be2 O-O 6.O-O Bg4 7.Nd2 Bxe2 8.Qxe2 e6
9.Nb3 Nbd7 10.Bg5 h6 11.Bh4 Qe8 12.f4 a6 13.Rae1 Kh8 14.Qf3 Ng8 15.e5 d5
16.g4 c6 17.Qh3 f5 18.exf6 Ngxf6 19.g5 hxg5 20.Bxg5+ Kg8 21.Qxe6+ Qxe6 22.Rxe6 Rae8
23.Rfe1 Rxe6 24.Rxe6 Kf7 25.Re3 Rh8 26.h3 Bf8 27.Kg2 Bd6 28.Nd2 Nf8 29.Nf3 Ne6
30.Ne2 Ne4 31.h4 Ng7 32.Rb3 b5 33.Ne5+ Bxe5 34.fxe5 Nf5 35.Ra3 Ra8 36.Kf3 a5
37.Kg4 Nf2+ 38.Kf3 b4 39.Rb3 Ne4 40.Rd3 Rh8 41.Kg2 Nxh4+ 42.Bxh4 Rxh4 43.Rh3 Rxh3
44.Kxh3 Nf2+ 45.Kh4 Nd1 46.Kg5 Nxb2 47.Nf4 Nc4 48.Nxg6 Ne3  0-1